Going into 2023 top 50 players MLB - Statistics

General Stats
  • This quiz has been taken 167 times
  • The average score is 17 of 50
Answer Stats
Hint Answer % Correct
3 Mike Trout
96%
1 Aaron Judge
93%
2 Shohei Ohtani
93%
29 Mookie Betts
73%
32 Justin Verlander
65%
48 Jacob DeGrom
63%
5 Manny Machado
61%
12 Bryce Harper
59%
16 Trea Turner
59%
11 Juan Soto
55%
27 Nolan Arenado
52%
17 Paul Goldschmidt
51%
25 Jose Altuve
46%
8 Julio Rodriguez
46%
37 Francisco Lindor
45%
49 Pete Alonso
44%
10 Sandy Alcantara
43%
4 Corey Seager
41%
19 Jose Ramirez
41%
13 Yordan Alvarez
38%
46 Carlos Correa
36%
24 Xander Bogaerts
35%
26 Francisco Alvarez
32%
21 Alex Bregman
31%
47 Corbin Burnes
31%
40 Dansby Swanson
31%
39 Aaron Nola
30%
28 J.T Realmuto
30%
14 Kyle Schwarber
28%
43 Zack Wheeler
27%
15 Carlos Rodon
26%
41 Kyle Tucker
26%
36 Edwin Diaz
25%
33 Bobby Witt Jr.
21%
20 Spencer Strider
19%
31 Dylan Cease
18%
6 Jeff Mcneil
16%
9 Jeremy Pena
15%
38 Emmanuel Clase
14%
42 Brandon Nimmo
12%
22 Zac Gallen
11%
30 Gunnar Henderson
10%
18 Adley Rutchman
9%
7 Daulton Varsho
9%
44 Oswaldo Cabrera
9%
34 Andrés Giménez
8%
50 Anthony Volpe
8%
35 Max Kepler
3%
45 Nico Hoerner
2%
23 Micheal Harris ll
0%
No matching quizzes found
Score Distribution
Percent of People with Each Score
Percentile by Number Answered
Your Score History
You have not taken this quiz